| 000 | 00562nam a2200169 4500 | ||
|---|---|---|---|
| 999 |
_c12554 _d12554 |
||
| 008 | 240220b ||||| |||| 00| 0 eng d | ||
| 040 | _aBMS College of Architecture | ||
| 100 | _aBindiya S | ||
| 245 | _aCoronal Conversations “ Awaking Gulf of Manner's Silent Abandonment ” | ||
| 300 | _a66p. | ||
| 500 | _a1CF19AT017 | ||
| 502 |
_8B,Arch _NBMS College of Architecture, Visvesvaraya Technological University (VTU) _aProject report _d2023 |
||
| 650 | _aGulf of Manner | ||
| 700 |
_a Mamatha P Raj _eGuide |
||
| 710 |
_aSindhu S _aGuide |
||
| 942 |
_2ddc _cTHE |
||